[Event "Titled Tuesday intern op 11th Apr Late"]
[Site "Chess.com INT"]
[Date "2023.04.11"]
[Round "6"]
[White "Mendes, Aaron Reeve"]
[Black "Skaric, Djuro"]
[Result "0-1"]
[WhiteElo "2043"]
[BlackElo "2334"]
[PlyCount "116"]
[GameId "1902839335292928"]
[EventDate "2023.04.11"]
[EventType "swiss (blitz)"]
[EventRounds "11"]
[EventCountry "USA"]
[SourceTitle "CBM 213 Extra"]
[Source "ChessBase"]
[SourceDate "2023.05.31"]
[SourceVersion "1"]
[SourceVersionDate "2023.05.31"]
[SourceQuality "1"]

1. e4 d6 2. Nc3 g6 3. Nge2 Bg7 4. g3 e5 5. Bg2 Nc6 6. O-O f5 7. d3 Nf6 8. f4 O-O 9. h3 Bd7 10. Be3 Qc8 11. Kh2 a6 12. d4 fxe4 13. fxe5 dxe5 14. dxe5 Nxe5 15. Nxe4 Nxe4 16. Qd5+ Kh8 17. Qxe4 Bf5 18. Qh4 Bxc2 19. Nd4 Bf5 20. Bh6 c5 21. Nxf5 Rxf5 22. Bxg7+ Kxg7 23. Qe7+ Nf7 24. Rxf5 gxf5 25. Bxb7 Qd8 26. Qxc5 Rb8 27. Bg2 Qd2 28. Qxf5 Rxb2 29. Qg4+ Kf8 30. Qf3 Rxa2 31. Rf1 Qd7 32. Qxf7+ Qxf7 33. Rxf7+ Kxf7 34. Kg1 Kf6 35. Bf3 Ke5 36. h4 Kd4 37. h5 Ke3 38. Bg4 h6 39. Bf5 a5 40. Be6 Rd2 41. g4 Kf4 42. Kf1 a4 43. Ke1 Rh2 44. Kd1 a3 45. Kc1 a2 46. Bxa2 Rxa2 47. Kb1 Rg2 48. Ka1 Rxg4 49. Kb1 Rg5 50. Ka1 Rxh5 51. Kb1 Rc5 52. Ka1 h5 53. Kb1 h4 54. Ka1 h3 55. Kb1 h2 56. Ka1 h1=Q+ 57. Kb2 Qb7+ 58. Ka3 Ra5# 0-1

[Event "Titled Tuesday intern op 11th Apr Late"]
[Site "Chess.com INT"]
[Date "2023.04.11"]
[Round "7"]
[White "Ozalp, Burak"]
[Black "Mendes, Aaron Reeve"]
[Result "0-1"]
[WhiteElo "2206"]
[BlackElo "2043"]
[PlyCount "68"]
[GameId "1902839335960576"]
[EventDate "2023.04.11"]
[EventType "swiss (blitz)"]
[EventRounds "11"]
[EventCountry "USA"]
[SourceTitle "CBM 213 Extra"]
[Source "ChessBase"]
[SourceDate "2023.05.31"]
[SourceVersion "1"]
[SourceVersionDate "2023.05.31"]
[SourceQuality "1"]

1. c4 c5 2. Nf3 Nf6 3. b3 Nc6 4. Bb2 e6 5. g3 Be7 6. Bg2 O-O 7. O-O d5 8. cxd5 exd5 9. d4 b6 10. dxc5 bxc5 11. Nc3 Bb7 12. Rc1 Rc8 13. Na4 Nb4 14. a3 Na6 15. Ne5 Qa5 16. Bc3 Qc7 17. Nd3 c4 18. bxc4 dxc4 19. Bxb7 Qxb7 20. Nb4 Nxb4 21. axb4 Ne4 22. Nc5 Nxc3 23. Nxb7 Nxd1 24. Rfxd1 Bxb4 25. Nd6 Rc6 26. Nxc4 Rfc8 27. Rd4 Bf8 28. Kg2 a5 29. Rc2 a4 30. Na3 Rxc2 31. Nxc2 Rxc2 32. Rxa4 Rxe2 33. Ra8 Re6 34. Re8 Rxe8 0-1

[Event "Titled Tuesday intern op 11th Apr Late"]
[Site "Chess.com INT"]
[Date "2023.04.11"]
[Round "8"]
[White "Mendes, Aaron Reeve"]
[Black "Esmeraldas Huachi, Anderson Yahir"]
[Result "0-1"]
[WhiteElo "2043"]
[BlackElo "2141"]
[PlyCount "118"]
[GameId "1902839336747008"]
[EventDate "2023.04.11"]
[EventType "swiss (blitz)"]
[EventRounds "11"]
[EventCountry "USA"]
[SourceTitle "CBM 213 Extra"]
[Source "ChessBase"]
[SourceDate "2023.05.31"]
[SourceVersion "1"]
[SourceVersionDate "2023.05.31"]
[SourceQuality "1"]

1. e4 c5 2. Nf3 d6 3. d4 cxd4 4. Qxd4 Nc6 5. Qe3 g6 6. c4 Bg7 7. Nc3 Nf6 8. h3 O-O 9. Be2 a6 10. O-O Be6 11. Rb1 Rc8 12. b3 Ne5 13. Nxe5 dxe5 14. Bb2 Qd4 15. Qxd4 exd4 16. Nd5 Bxd5 17. exd5 Ne4 18. Rbd1 Nc3 19. Bxc3 dxc3 20. Bd3 b5 21. Rfe1 Rc7 22. Re2 b4 23. Bc2 a5 24. g3 a4 25. Rde1 axb3 26. Bxb3 Bf6 27. f4 h6 28. Kg2 Ra8 29. Kf3 Ra6 30. h4 Kf8 31. Kg4 Ke8 32. Kh3 h5 33. g4 hxg4+ 34. Kxg4 Kd7 35. f5 gxf5+ 36. Kxf5 Bxh4 37. Rh1 Bf6 38. Rh7 Ra8 39. Rxf7 Rh8 40. Re6 Rh2 41. Ba4+ Kc8 42. Rb6 Rf2+ 43. Kg6 Bd4 44. Rxb4 Rxf7 45. Kxf7 Ra7 46. Ke6 Rxa4 47. Rxa4 c2 48. c5 c1=Q 49. Rxd4 Qe3+ 50. Kf7 Qxd4 51. Kxe7 Qxd5 52. Ke8 Qxc5 53. Kf7 Qa3 54. Kg8 Qxa2+ 55. Kh8 Qa7 56. Kg8 Kd7 57. Kh8 Ke6 58. Kg8 Kf6 59. Kh8 Qg7# 0-1

[Event "Titled Tuesday intern op 11th Apr Late"]
[Site "Chess.com INT"]
[Date "2023.04.11"]
[Round "9"]
[White "Kopacz, Grzegorz"]
[Black "Mendes, Aaron Reeve"]
[Result "0-1"]
[WhiteElo "1997"]
[BlackElo "2043"]
[PlyCount "80"]
[GameId "1902839337172992"]
[EventDate "2023.04.11"]
[EventType "swiss (blitz)"]
[EventRounds "11"]
[EventCountry "USA"]
[SourceTitle "CBM 213 Extra"]
[Source "ChessBase"]
[SourceDate "2023.05.31"]
[SourceVersion "1"]
[SourceVersionDate "2023.05.31"]
[SourceQuality "1"]

1. c4 c5 2. Nc3 Nc6 3. g3 Nf6 4. Bg2 e6 5. Nf3 Be7 6. O-O O-O 7. d4 d5 8. cxd5 Nxd5 9. e4 Nxc3 10. bxc3 b6 11. Be3 Bb7 12. dxc5 bxc5 13. Qxd8 Rfxd8 14. Rab1 Ba6 15. Rfd1 Na5 16. Nd2 Rab8 17. Rxb8 Rxb8 18. Rb1 Rxb1+ 19. Nxb1 Bd3 20. Nd2 a6 21. f4 c4 22. e5 Bd8 23. Bc5 f6 24. Kf2 Kf7 25. Ke3 Ke8 26. Kd4 Kd7 27. Be4 Bxe4 28. Nxe4 Kc6 29. Bb4 Bb6+ 30. Bc5 Bc7 31. Nd6 fxe5+ 32. fxe5 Bxd6 33. Bxd6 Kb5 34. Bb4 Nc6+ 35. Ke4 Nxb4 36. cxb4 Kxb4 37. Kd4 a5 38. g4 a4 39. h3 a3 40. h4 Kb5 0-1

[Event "Titled Tuesday intern op 11th Apr Late"]
[Site "Chess.com INT"]
[Date "2023.04.11"]
[Round "10"]
[White "Sliwicki, Damian"]
[Black "Mendes, Aaron Reeve"]
[Result "1-0"]
[WhiteElo "2158"]
[BlackElo "2043"]
[PlyCount "109"]
[GameId "1902839337865216"]
[EventDate "2023.04.11"]
[EventType "swiss (blitz)"]
[EventRounds "11"]
[EventCountry "USA"]
[SourceTitle "CBM 213 Extra"]
[Source "ChessBase"]
[SourceDate "2023.05.31"]
[SourceVersion "1"]
[SourceVersionDate "2023.05.31"]
[SourceQuality "1"]

1. e4 c5 2. Nf3 d6 3. d4 cxd4 4. Qxd4 Nc6 5. Bb5 Bd7 6. Bxc6 Bxc6 7. Nc3 Nf6 8. Bg5 e6 9. O-O-O Be7 10. Rhe1 O-O 11. Kb1 a6 12. h4 h6 13. g4 hxg5 14. hxg5 Nh7 15. Rh1 Bxg5 16. Rh5 Bh6 17. Rdh1 Qf6 18. Qd3 d5 19. exd5 exd5 20. g5 Qg6 21. Qd4 Rfe8 22. gxh6 Qf6 23. hxg7 Qxd4 24. Nxd4 Nf6 25. Rg5 Nh7 26. Rg3 Re5 27. f4 Re7 28. Nf5 Re6 29. Nh6+ Rxh6 30. Rxh6 Re8 31. Kc1 d4 32. Nd1 Re1 33. Kd2 Re4 34. Rgh3 Rxf4 35. Rxh7 Rg4 36. Nf2 Rg2 37. Ke1 Rg1+ 38. Ke2 Rc1 39. Kd2 Rf1 40. Nd3 Rg1 41. Nf4 Rg4 42. R7h4 Rg5 43. Nh5 Rg2+ 44. Kd3 f5 45. Rg3 Be4+ 46. Kxd4 Rd2+ 47. Ke3 Rd6 48. Kf4 Re6 49. c3 b5 50. Nf6+ Rxf6 51. Rh8+ Kf7 52. g8=Q+ Ke7 53. Qd8+ Ke6 54. Re8+ Kf7 55. Re7# 1-0

[Event "Titled Tuesday intern op 25th Apr Late"]
[Site "Chess.com INT"]
[Date "2023.04.25"]
[Round "1"]
[White "Mendes, Aaron Reeve"]
[Black "Gritsenko, Nikolai"]
[Result "0-1"]
[WhiteElo "2043"]
[BlackElo "2309"]
[PlyCount "72"]
[GameId "1907910681075712"]
[EventDate "2023.04.25"]
[EventType "swiss (blitz)"]
[EventRounds "11"]
[EventCountry "USA"]
[SourceTitle "EXT 2024"]
[Source "ChessBase"]
[SourceDate "2023.10.10"]
[SourceVersion "1"]
[SourceVersionDate "2023.10.10"]
[SourceQuality "1"]

1. e4 d6 2. Nc3 Nf6 3. d4 g6 4. f3 c6 5. Be3 Qb6 6. b3 Bg7 7. Qd2 Nbd7 8. Nge2 Qa5 9. h4 h5 10. g3 b5 11. Bg2 a6 12. O-O Bb7 13. a4 Qc7 14. axb5 cxb5 15. Ra2 Rc8 16. d5 O-O 17. Bd4 Ne5 18. Rfa1 Kh7 19. Rxa6 Bxa6 20. Rxa6 b4 21. Bxe5 dxe5 22. Na4 Qxc2 23. Qxc2 Rxc2 24. Kf2 Bh6 25. Rb6 Bd2 26. Rb7 Re8 27. d6 Kg7 28. dxe7 Ng8 29. Bh3 Rxe7 30. Rb5 Nf6 31. Nc5 Ra7 32. Nd3 Raa2 33. Bf1 Bc3 34. Nxb4 Bd4+ 35. Ke1 Ra1+ 36. Nc1 Raxc1# 0-1

[Event "Titled Tuesday intern op 25th Apr Late"]
[Site "Chess.com INT"]
[Date "2023.04.25"]
[Round "3"]
[White "Mendes, Aaron Reeve"]
[Black "Ricaurte Lopez, Juan Carlos"]
[Result "0-1"]
[WhiteElo "2043"]
[BlackElo "2226"]
[PlyCount "82"]
[GameId "1907910682595328"]
[EventDate "2023.04.25"]
[EventType "swiss (blitz)"]
[EventRounds "11"]
[EventCountry "USA"]
[SourceTitle "EXT 2024"]
[Source "ChessBase"]
[SourceDate "2023.10.10"]
[SourceVersion "1"]
[SourceVersionDate "2023.10.10"]
[SourceQuality "1"]

1. g3 e5 2. Bg2 d5 3. e3 Nf6 4. Ne2 Nc6 5. b3 Bf5 6. Bb2 Qd7 7. d3 O-O-O 8. Nd2 h5 9. h3 g5 10. e4 dxe4 11. Nxe4 Bxe4 12. dxe4 Qxd1+ 13. Rxd1 Rxd1+ 14. Kxd1 Bc5 15. f4 gxf4 16. gxf4 Rg8 17. Bf3 Nd4 18. Nxd4 Bxd4 19. Bxd4 exd4 20. e5 Rg3 21. Ke2 Ne4 22. Bxh5 Re3+ 23. Kd1 Nf2+ 24. Kd2 Nxh1 25. Bg4+ Kd8 26. h4 Nf2 27. Bf5 Rf3 28. h5 Rxf4 29. Bh7 Rh4 30. Bg8 Ke7 31. Ke2 Ng4 32. Bh7 Nxe5 33. Bf5 Rxh5 34. Be4 c6 35. a4 Rh2+ 36. Kd1 Ke6 37. Kc1 f5 38. c3 fxe4 39. cxd4 e3 40. Kb1 e2 41. Ka1 e1=Q# 0-1

[Event "Titled Tuesday intern op 25th Apr Late"]
[Site "Chess.com INT"]
[Date "2023.04.25"]
[Round "4"]
[White "Narva, Triin"]
[Black "Mendes, Aaron Reeve"]
[Result "1-0"]
[WhiteElo "2044"]
[BlackElo "2043"]
[PlyCount "71"]
[GameId "1907910683369472"]
[EventDate "2023.04.25"]
[EventType "swiss (blitz)"]
[EventRounds "11"]
[EventCountry "USA"]
[SourceTitle "EXT 2024"]
[Source "ChessBase"]
[SourceDate "2023.10.10"]
[SourceVersion "1"]
[SourceVersionDate "2023.10.10"]
[SourceQuality "1"]

1. e4 c5 2. Nf3 d6 3. Bb5+ Bd7 4. Bxd7+ Qxd7 5. O-O Nf6 6. Qe2 Nc6 7. c3 e6 8. d4 cxd4 9. cxd4 d5 10. e5 Ne4 11. Rd1 Be7 12. Ne1 f6 13. f3 Ng5 14. Bxg5 fxg5 15. Nc3 O-O 16. Nc2 a6 17. Ne3 b5 18. a3 Qa7 19. Qd3 Rf4 20. Ne2 Rff8 21. Rac1 Rac8 22. Ng4 g6 23. Qe3 Kg7 24. h4 h5 25. Nf6 gxh4 26. Qg5 Rxf6 27. exf6+ Bxf6 28. Qe3 Nxd4 29. Kh1 Rxc1 30. Rxc1 e5 31. Nxd4 exd4 32. Qf4 g5 33. Rc7+ Kg6 34. Qd6 Qa8 35. Qd7 Qf8 36. Qh7# 1-0

[Event "Titled Tuesday intern op 25th Apr Late"]
[Site "Chess.com INT"]
[Date "2023.04.25"]
[Round "6"]
[White "Tabak, Stefan"]
[Black "Mendes, Aaron Reeve"]
[Result "0-1"]
[WhiteElo "2155"]
[BlackElo "2043"]
[PlyCount "74"]
[GameId "1907910684790784"]
[EventDate "2023.04.25"]
[EventType "swiss (blitz)"]
[EventRounds "11"]
[EventCountry "USA"]
[SourceTitle "EXT 2024"]
[Source "ChessBase"]
[SourceDate "2023.10.10"]
[SourceVersion "1"]
[SourceVersionDate "2023.10.10"]
[SourceQuality "1"]

1. e4 c5 2. Nf3 d6 3. Bc4 Nf6 4. d3 e6 5. O-O Be7 6. c3 O-O 7. Bb3 a6 8. Re1 d5 9. e5 Nfd7 10. d4 c4 11. Bc2 b5 12. g3 Bb7 13. h4 Re8 14. Bg5 h6 15. Bxe7 Qxe7 16. Nh2 a5 17. Qh5 b4 18. Ng4 Nc6 19. Re3 a4 20. Rf3 b3 21. Bd1 Kh7 22. Nd2 a3 23. Rxf7 Qxf7 24. Qxf7 axb2 25. Rb1 bxa2 26. Bc2+ Kh8 27. Qg6 Nf8 28. Qh5 axb1=Q+ 29. Bxb1 Re7 30. f4 Nxd4 31. cxd4 c3 32. Nb3 Ra1 33. Nxh6 Rxb1+ 34. Kg2 Rg1+ 35. Kh2 gxh6 36. Qxh6+ Nh7 37. Nd2 cxd2 0-1

[Event "Titled Tuesday intern op 25th Apr Late"]
[Site "Chess.com INT"]
[Date "2023.04.25"]
[Round "11"]
[White "Kepeshchuk, Mykhaylo"]
[Black "Mendes, Aaron Reeve"]
[Result "0-1"]
[WhiteElo "2269"]
[BlackElo "2043"]
[PlyCount "86"]
[GameId "1907910687608832"]
[EventDate "2023.04.25"]
[EventType "swiss (blitz)"]
[EventRounds "11"]
[EventCountry "USA"]
[SourceTitle "EXT 2024"]
[Source "ChessBase"]
[SourceDate "2023.10.10"]
[SourceVersion "1"]
[SourceVersionDate "2023.10.10"]
[SourceQuality "1"]

1. d4 d5 2. c4 c6 3. Nf3 Nf6 4. g3 dxc4 5. Bg2 e6 6. O-O Bd6 7. Nc3 O-O 8. e4 Bc7 9. e5 Nd5 10. Qc2 h6 11. Rd1 b5 12. a4 b4 13. Ne4 Ba6 14. Nc5 Qc8 15. Nxa6 Qxa6 16. Bf1 Nd7 17. Bxc4 Qb7 18. Qe4 c5 19. Bd3 f5 20. exf6 N7xf6 21. Qxe6+ Kh8 22. Ne5 Bxe5 23. dxe5 Rae8 24. Qf5 Ne7 25. Qh3 Qf3 26. Be3 Ng4 27. Bxc5 Nxf2 28. Bxf2 Qxf2+ 29. Kh1 Qxb2 30. Re1 Nd5 31. Qg4 Rxe5 32. Qg6 Nf6 33. Rf1 Rg5 34. Rxf6 Rxg6 35. Rxf8+ Kh7 36. Raf1 b3 37. R8f2 Qd4 38. Bb1 h5 39. Rf4 Qd5+ 40. Kg1 Kh6 41. Bxg6 Kxg6 42. R4f2 Qd4 43. Rb1 a5 0-1

[Event "Titled Tuesday intern op 23rd May Late"]
[Site "Chess.com INT"]
[Date "2023.05.23"]
[Round "11"]
[White "Mendes, Aaron Reeve"]
[Black "Erzhanov, Arman"]
[Result "0-1"]
[WhiteElo "1991"]
[BlackElo "2228"]
[PlyCount "114"]
[GameId "1918056947109888"]
[EventDate "2023.05.23"]
[EventType "swiss (blitz)"]
[EventRounds "11"]
[EventCountry "USA"]
[SourceTitle "EXT 2024"]
[Source "ChessBase"]
[SourceDate "2023.10.10"]
[SourceVersion "1"]
[SourceVersionDate "2023.10.10"]
[SourceQuality "1"]

1. e4 d6 2. d4 Nf6 3. Bd3 e5 4. c3 d5 5. dxe5 Nxe4 6. Bxe4 dxe4 7. Qa4+ Bd7 8. Qxe4 Bc6 9. Qg4 h5 10. Qg3 h4 11. Qg4 Qd7 12. e6 Qxe6+ 13. Qxe6+ fxe6 14. f3 Nd7 15. Nh3 Bc5 16. Nd2 Ne5 17. Nb3 Bb6 18. Nd4 Bd7 19. Be3 Nc4 20. Bc1 O-O-O 21. b3 Ne5 22. Be3 Nf7 23. Nf2 e5 24. Nc2 Nd6 25. O-O-O Bf5 26. Bxb6 axb6 27. Ne3 Bg6 28. Rd5 e4 29. f4 Rdf8 30. Nh3 Rh5 31. Rhd1 Rxd5 32. Rxd5 Bf5 33. Ng5 Bd7 34. Re5 Rxf4 35. Nd1 Rf1 36. Nxe4 Bg4 37. Nef2 Bxd1 38. Nxd1 Rh1 39. h3 Rg1 40. Rg5 Ne4 41. Rxg7 Nxc3 42. Rg8+ Kd7 43. Rg7+ Ke6 44. Rxc7 Nxd1 45. Rxb7 Ne3+ 46. Kd2 Nd5 47. Rh7 Rxg2+ 48. Kc1 Rxa2 49. Rh6+ Ke5 50. Rh5+ Kd4 51. Rxh4+ Kc3 52. Kd1 Ne3+ 53. Ke1 Kd3 54. Rd4+ Kxd4 55. h4 Rh2 56. h5 Kd3 57. b4 Re2# 0-1

[Event "Titled Tuesday intern op 30th May Late"]
[Site "Chess.com INT"]
[Date "2023.05.30"]
[Round "8"]
[White "Mendes, Aaron Reeve"]
[Black "Tristan, Leonardo"]
[Result "1-0"]
[WhiteElo "1991"]
[BlackElo "2545"]
[PlyCount "89"]
[GameId "1920582859550720"]
[EventDate "2023.05.30"]
[EventType "swiss (blitz)"]
[EventRounds "11"]
[EventCountry "USA"]
[SourceTitle "CBM 214 Extra"]
[Source "ChessBase"]
[SourceDate "2023.07.31"]
[SourceVersion "1"]
[SourceVersionDate "2023.07.31"]
[SourceQuality "1"]

1. e4 d5 2. exd5 Qxd5 3. Nc3 Qa5 4. d4 Nf6 5. a3 Ne4 6. Nge2 g6 7. Bd2 Nxd2 8. Qxd2 Bg7 9. h4 h5 10. O-O-O Bh6 11. Nf4 Qf5 12. g3 Bxf4 13. gxf4 Qf6 14. Bd3 Nc6 15. Nb5 Kd8 16. Qe3 a6 17. Nc3 Bg4 18. f3 Bf5 19. Be4 Qd6 20. d5 Nb8 21. Qd4 Re8 22. Bxf5 gxf5 23. Rhg1 Nd7 24. Rg5 e6 25. Rxh5 c6 26. Rh7 cxd5 27. Rxf7 Rc8 28. h5 Re7 29. Rg7 Rxg7 30. Qxg7 Qe7 31. Qg6 Qf6 32. Qg3 Ke7 33. Rxd5 Rxc3 34. Rxd7+ Kxd7 35. bxc3 Qxc3 36. h6 Qxa3+ 37. Kd2 Qb4+ 38. Ke2 Qc4+ 39. Ke1 Qc3+ 40. Kf1 Qc4+ 41. Kg1 Qd4+ 42. Kh2 Qd2+ 43. Kh3 Qd1 44. Qg2 Qd4 45. Qg7+ 1-0

[Event "Titled Tuesday intern op 06th Jun Late"]
[Site "Chess.com INT"]
[Date "2023.06.06"]
[Round "4"]
[White "Przybylski, Wojciech"]
[Black "Mendes, Aaron Reeve"]
[Result "0-1"]
[WhiteElo "2308"]
[BlackElo "1994"]
[PlyCount "116"]
[GameId "1923177637359616"]
[EventDate "2023.06.06"]
[EventType "swiss (blitz)"]
[EventRounds "11"]
[EventCountry "USA"]
[SourceTitle "EXT 2024"]
[Source "ChessBase"]
[SourceDate "2023.10.10"]
[SourceVersion "1"]
[SourceVersionDate "2023.10.10"]
[SourceQuality "1"]

1. e4 c5 2. Nf3 d6 3. Bc4 Nc6 4. d3 Nf6 5. c3 e6 6. O-O Be7 7. Re1 O-O 8. a4 b6 9. h3 Bb7 10. Ba2 a6 11. Nbd2 b5 12. Bb1 Qb6 13. Qe2 Nd7 14. Nf1 Bf6 15. Be3 d5 16. Ng3 b4 17. Nh5 bxc3 18. Nxf6+ Nxf6 19. bxc3 Qa5 20. Bd2 Qc7 21. e5 Nd7 22. d4 Rfb8 23. Ng5 Nf8 24. Qd3 h6 25. Nh7 Ng6 26. h4 Kxh7 27. h5 Nce7 28. Qf3 Kg8 29. hxg6 Nxg6 30. Qg4 cxd4 31. cxd4 Bc8 32. Rc1 Qe7 33. Bxg6 fxg6 34. Qxg6 Kh8 35. Ba5 Rb7 36. Rc5 Bd7 37. Ra3 Rb1+ 38. Qxb1 Qh4 39. Qd1 Rf8 40. Rg3 Rf4 41. Rc7 Rxd4 42. Qe1 Be8 43. Rc8 Qh5 44. Rf3 Kh7 45. Rh3 Qg6 46. Rg3 Qh5 47. Rh3 Qg6 48. Bd2 Bxa4 49. Kh2 Rg4 50. g3 Re4 51. Qf1 Qf5 52. Bf4 Bb5 53. Qd1 Re2 54. Kg1 Qe4 55. Rh4 Re1+ 56. Qxe1 Qxe1+ 57. Kg2 Bf1+ 58. Kf3 Qe2# 0-1

[Event "Titled Tuesday intern op 04th Jul Late"]
[Site "Chess.com INT"]
[Date "2023.07.04"]
[Round "1"]
[White "Mendes, Aaron Reeve"]
[Black "Garcia Cuenca, Victor Manuel"]
[Result "0-1"]
[WhiteElo "2134"]
[BlackElo "2311"]
[PlyCount "98"]
[GameId "1933263883722752"]
[EventDate "2023.07.04"]
[EventType "swiss (blitz)"]
[EventRounds "11"]
[EventCountry "USA"]
[SourceTitle "EXT 2024"]
[Source "ChessBase"]
[SourceDate "2023.10.10"]
[SourceVersion "1"]
[SourceVersionDate "2023.10.10"]
[SourceQuality "1"]

1. e4 e6 2. Nf3 d5 3. Nc3 dxe4 4. Nxe4 c5 5. g3 Nc6 6. Bg2 b6 7. O-O Bb7 8. d3 Be7 9. Bf4 Nf6 10. Ne5 Nd5 11. Qg4 g6 12. Nxc6 Bxc6 13. Be5 O-O 14. h4 f5 15. Qh3 Qd7 16. Ng5 h6 17. Nf3 Nb4 18. Bc3 Bxf3 19. Bxf3 Nd5 20. Be5 Bf6 21. Rfe1 Rae8 22. Re2 Bxe5 23. Rxe5 Nb4 24. Re2 e5 25. h5 g5 26. g4 e4 27. dxe4 f4 28. e5 Nc6 29. Rae1 Nd4 30. Re4 Nxc2 31. Rd1 Nd4 32. Bh1 Re7 33. Qc3 Ne2+ 34. Rxe2 Qxd1+ 35. Re1 Qd4 36. Qc2 Re6 37. Rd1 Qxe5 38. Bd5 Rff6 39. Bxe6+ Rxe6 40. Qa4 f3 41. Qxa7 Qe4 42. Kh1 Re8 43. Qd7 Rf8 44. Kh2 Qe2 45. Rd2 Qf1 46. Qd5+ Rf7 47. Qxf7+ Kxf7 48. Rd7+ Ke6 49. Re7+ Kxe7 0-1

[Event "Titled Tuesday intern op 08th Aug Early"]
[Site "Chess.com INT"]
[Date "2023.08.08"]
[Round "4"]
[White "Mendes, Aaron Reeve"]
[Black "Rychagov, Andrey"]
[Result "1-0"]
[WhiteElo "2079"]
[BlackElo "2543"]
[PlyCount "91"]
[GameId "1946005282988032"]
[EventDate "2023.08.08"]
[EventType "swiss (blitz)"]
[EventRounds "11"]
[EventCountry "USA"]
[SourceTitle "EXT 2024"]
[Source "ChessBase"]
[SourceDate "2023.10.10"]
[SourceVersion "1"]
[SourceVersionDate "2023.10.10"]
[SourceQuality "1"]

1. e4 c5 2. Nf3 e6 3. b3 b6 4. d4 cxd4 5. Nxd4 Bb7 6. Nd2 Nc6 7. Bb2 Nxd4 8. Bxd4 Nf6 9. Bd3 Be7 10. O-O O-O 11. e5 Nd5 12. Ne4 Nf4 13. Re1 Qc7 14. c4 Nxd3 15. Qxd3 Rfd8 16. Qg3 Bxe4 17. Rxe4 f5 18. Re2 a6 19. Rd1 b5 20. c5 b4 21. h4 a5 22. h5 h6 23. Qg6 Ra6 24. g4 Bxc5 25. gxf5 Bxd4 26. Rxd4 Qc1+ 27. Kh2 Qg5 28. f6 Qxg6 29. hxg6 Kf8 30. f7 Rc6 31. Red2 Rc7 32. f4 Ke7 33. Kg3 Rc3+ 34. Kg4 Rc7 35. Rd6 Rb8 36. f5 exf5+ 37. Kxf5 Rbc8 38. R2d5 Ra8 39. e6 dxe6+ 40. Rxe6+ Kf8 41. Ke5 Re7 42. Rdd6 Rxe6+ 43. Kxe6 h5 44. Rd5 Ra6+ 45. Kf5 h4 46. Rd8+ 1-0

[Event "Titled Tuesday intern op 22nd Aug Late"]
[Site "Chess.com INT"]
[Date "2023.08.22"]
[Round "9"]
[White "Mendes, Aaron Reeve"]
[Black "Ai, Evan Zihao"]
[Result "1-0"]
[WhiteElo "2079"]
[BlackElo "2199"]
[PlyCount "77"]
[GameId "1951102365896704"]
[EventDate "2023.08.22"]
[EventType "swiss (blitz)"]
[EventRounds "11"]
[EventCountry "USA"]
[SourceTitle "EXT 2024"]
[Source "ChessBase"]
[SourceDate "2023.10.10"]
[SourceVersion "1"]
[SourceVersionDate "2023.10.10"]
[SourceQuality "1"]

1. e4 c5 2. Nf3 d6 3. Bb5+ Nd7 4. d4 cxd4 5. Nxd4 Ngf6 6. O-O a6 7. Bd3 g6 8. Re1 Bg7 9. c4 Qc7 10. Nc3 b6 11. Bf1 Bb7 12. b3 O-O 13. Bb2 e6 14. Rc1 Rad8 15. f3 Qb8 16. Qe2 d5 17. cxd5 exd5 18. exd5 Nxd5 19. Nxd5 Bxd5 20. Qxa6 Nc5 21. Qe2 Rfe8 22. Qf2 Rxe1 23. Rxe1 Bb7 24. Ba1 Qf4 25. Rd1 Bh6 26. b4 Nd7 27. Ne2 Qe3 28. Bf6 Nxf6 29. Rxd8+ Kg7 30. Qxe3 Bxe3+ 31. Kh1 Nd5 32. a3 Bg5 33. Rd7 Bc6 34. Rd6 Bb7 35. Nd4 Ne3 36. Rd7 Bc8 37. Rc7 Nxf1 38. Rxc8 Bc1 39. Rxc1 1-0

[Event "Titled Tuesday intern op 12th Sep Late"]
[Site "Chess.com INT"]
[Date "2023.09.12"]
[Round "2"]
[White "Mendes, Aaron Reeve"]
[Black "Boros, Denes"]
[Result "0-1"]
[WhiteElo "2250"]
[BlackElo "2399"]
[PlyCount "80"]
[GameId "1958671022166016"]
[EventDate "2023.09.12"]
[EventType "swiss (blitz)"]
[EventRounds "11"]
[EventCountry "USA"]
[SourceTitle "EXT 2024"]
[Source "ChessBase"]
[SourceDate "2023.10.10"]
[SourceVersion "1"]
[SourceVersionDate "2023.10.10"]
[SourceQuality "1"]

1. e4 g6 2. d4 d5 3. e5 c5 4. c3 Nc6 5. f4 Nh6 6. Nf3 cxd4 7. cxd4 Bg4 8. Nc3 Nf5 9. Bb5 Bxf3 10. Qxf3 Nfxd4 11. Bxc6+ bxc6 12. Qd3 Qb6 13. Be3 Nc2+ 14. Qxc2 Qxe3+ 15. Ne2 Rc8 16. Qd2 Qb6 17. O-O-O e6 18. Kb1 c5 19. g4 c4 20. f5 Bb4 21. Qc2 c3 22. b3 a5 23. Nf4 a4 24. Rhf1 axb3 25. axb3 Ra8 26. fxe6 fxe6 27. Rf2 Qa7 28. Qa2 O-O 29. Qxa7 Rxa7 30. Rdf1 Bc5 31. Rf3 Raf7 32. g5 Bd4 33. Nxd5 exd5 34. Rxf7 Rxf7 35. Rd1 Bxe5 36. Rxd5 Rf1+ 37. Kc2 Rf2+ 38. Kb1 c2+ 39. Kc1 Bf4+ 40. Kb2 c1=Q# 0-1

[Event "Titled Tuesday intern op 19th Sep Late"]
[Site "Chess.com INT"]
[Date "2023.09.19"]
[Round "3"]
[White "Mendes, Aaron Reeve"]
[Black "Korchmar, Vasiliy"]
[Result "1-0"]
[WhiteElo "2250"]
[BlackElo "2438"]
[PlyCount "65"]
[GameId "1961207450894336"]
[EventDate "2023.09.19"]
[EventType "swiss (blitz)"]
[EventRounds "11"]
[EventCountry "USA"]
[SourceTitle "EXT 2024"]
[Source "ChessBase"]
[SourceDate "2023.10.10"]
[SourceVersion "1"]
[SourceVersionDate "2023.10.10"]
[SourceQuality "1"]

1. e4 c5 2. Nf3 d6 3. Bb5+ Nd7 4. d4 cxd4 5. Nxd4 Ngf6 6. O-O g6 7. Re1 Bg7 8. Bf1 O-O 9. c4 Qb6 10. Nc3 Ng4 11. Qxg4 Bxd4 12. Qh4 Nf6 13. Bh6 Re8 14. Rad1 Ng4 15. Rd2 Nxh6 16. Nd5 Qd8 17. Rxd4 Kg7 18. Ne3 Be6 19. g4 Ng8 20. f4 Nf6 21. g5 Ng8 22. f5 Bd7 23. Bh3 Qb6 24. Red1 Red8 25. Nd5 Qa5 26. Nxe7 Nxe7 27. f6+ Kg8 28. fxe7 Re8 29. Bxd7 Rxe7 30. Bb5 Qxa2 31. Qf2 Rf8 32. Rxd6 Qa5 33. Qf6 1-0